000
00306nam a22001337a 4500
008
180201b xxu||||| |||| 00| 0 eng d
020
_a
9780314194558
041
_a
eng
080
_a
34
100
_a
14
101
_a
JUR
245
_a
Contracts: transactions and litigation
_c
Kuney,G.W
942
_2
udc
_c
BK
999
_c
41435
_d
41435